Statistics for All Tennis ATP Masters 1000 Winners of 2017

Click here to take the quiz!

General Stats

  • This quiz has been taken 49 times
  • The average score is 8 of 9

Answer Stats

TournamentPlayer% Correct
Monte-CarloRafael Nadal
100%
MadridRafael Nadal
100%
Indian WellsRoger Federer
98%
MiamiRoger Federer
98%
ShanghaiRoger Federer
98%
RomeAlexander Zverev
85%
Rogers CupAlexander Zverev
85%
CincinnatiGrigor Dimitrov
68%
ParisJack Sock
65%

Score Distribution

Percentile by Number Answered

Percent of People with Each Score

Your Score History

You have not taken this quiz